logo

Bir Sreshtho Munshi Abdur Rouf Library
Jhenaidah Cadet College

নুতুন উর্দূ ব্যাকরণ ও রচনা / (Record no. 9247)

MARC details
000 -LEADER
fixed length control field 00804nam a2200217 a 4500
001 - CONTROL NUMBER
JCCL Control Number 9247
003 - CONTROL NUMBER IDENTIFIER
JCCL marc code BD-JhCC
005 - DATE AND TIME OF LATEST TRANSACTION
control field 20180312112003.0
008 - FIXED-LENGTH DATA ELEMENTS--GENERAL INFORMATION
fixed length control field 180312s1964 bg |||| ||a| 000 0 ben d
035 ## - SYSTEM CONTROL NUMBER
system control number (BD-JhCC)9247
040 ## - CATALOGING SOURCE
Original cataloging agency BD-JhCC
Modifying agency BD-JhCC
041 ## - LANGUAGE CODE
Language code of Book ben
082 ## - DEWEY DECIMAL CLASSIFICATION NUMBER
Classification number 491.435
Author mark and Year HOS 1964
100 ## - MAIN ENTRY--PERSONAL NAME
Personal name হোসেন, আবুল কাসেম মোহাম্মদ .
245 ## - TITLE STATEMENT
Title নুতুন উর্দূ ব্যাকরণ ও রচনা /
Statement of responsibility, etc আলহাজ্জ আবুল কাসেম মোহাম্মদ হোসেন।
260 ## - PUBLICATION, DISTRIBUTION, ETC. (IMPRINT)
Place of publication, distribution, etc ঢাকা :
Name of publisher, distributor, etc ইসলামিয়া প্রিন্টিং ওয়ার্কস;
Date of publication, distribution, etc 1964.
300 ## - PHYSICAL DESCRIPTION
Pagination 208 p. :
Dimensions 18 cm.
650 ## - SUBJECT ADDED ENTRY--TOPICAL TERM
Topical term or geographic name as entry element Urdu Languge.
General subdivision Grammar.
942 ## - ADDED ENTRY ELEMENTS (KOHA)
Source of classification or shelving scheme Dewey Decimal Classification
Koha item type Books
Holdings
Source of classification or shelving scheme Damaged status Not for loan Home library Current library Shelving location Date of accession Cost, normal purchase price Total Checkouts Full call number Barcode Date last seen Copy number Koha item type
Dewey Decimal Classification     JCC Rouf Library JCC Rouf Library General Stacks 03/12/2018 2.24   491.435 HOS 1964 11031 03/12/2018 C-1 Books

JCC Library | Contacts | JCC Home

Last Update on 23 September 2017
Copyright @ 2017-2020 JCC Rouf Library
Rouf Library, Jhenidah Cadet College (JCC), Bangladesh